000 00240nam a2200097Ia 4500
008 120527s9999 xx 000 0 und d
100 _aADAMU,O.Samuel.
245 _aNational Accounting in adeveloping country.
260 _bSAAL
942 _cBK
999 _c23828
_d23828